Antifungálna aktivita hydrolátov získaných z rastlín

Na minha lista:
Detalhes bibliográficos
Autor principal: Vímiová, Viktória (Author)
Outros Autores: Olejníková, Petra (Thesis advisor)
Formato: Manuscrito Livro
Idioma:eslovaco
Publicado em: 2021
Assuntos:
Acesso em linha:http://is.stuba.sk/zp/portal_zp.pl?podrobnosti=157546
Tags: Adicionar Tag
Sem tags, seja o primeiro a adicionar uma tag!

MARC

LEADER 00000ntm a22000003a 4500
001 stuzp84311
003 SK-STU
005 20210605210559.5
007 ta
008 150427s2015----xo-----f-mn---000-0-slo-d
040 |a STU  |b slo 
041 0 |a slo 
100 1 |a Vímiová, Viktória  |u 043000  |4 aut  |U FCHPT Fakulta chemickej a potravinárskej technológie  |T FCHPT Ústav biochémie a mikrobiológie  |X 81595  |U C3000  |Y 101  |7 81595 
242 0 1 |a Antifungal activity of hydrolates of plant origin  |y eng 
245 1 0 |a Antifungálna aktivita hydrolátov získaných z rastlín 
260 |c 2021 
650 4 |a hydroláty  |2 slo 
650 4 |a antifungálna aktivita  |2 slo 
650 4 |a ergosterol  |2 slo 
650 4 |a klíčenie  |2 slo 
650 4 |a hydrolates  |2 eng 
650 4 |a antifungal activity  |2 eng 
650 4 |a ergosterol  |2 eng 
650 4 |a germination  |2 eng 
700 1 |a Olejníková, Petra  |u 043000  |k Z1  |4 ths  |U FCHPT Fakulta chemickej a potravinárskej technológie  |T FCHPT Ústav biochémie a mikrobiológie  |X 3976  |U C3000  |Y 101  |7 A000003976 
856 4 |u http://is.stuba.sk/zp/portal_zp.pl?podrobnosti=157546